Alle Premier-League-Teams aller Zeiten - Statistiken

Allgemein
  • Dieses Quiz wurde 254 mal gespielt
  • Das Durchschnittsergebnis liegt bei 32 aus 51
Antwortstatistiken
Fußballvereine Gesamte Jahreszeiten % Korrekt
Liverpool 33
100%
Manchester City 28
100%
Manchester United 33
100%
Arsenal 33
98%
Chelsea 33
96%
Tottenham Hotspur 33
96%
Everton 33
91%
West Ham United 28
91%
Newcastle United 30
87%
Aston Villa 30
86%
Wolverhampton Wanderers 10
86%
Leicester City 18
84%
Nottingham Forest 8
84%
Leeds United 15
81%
Brighton & Hove Albion 8
78%
Fulham 18
75%
Southampton 25
75%
Crystal Palace 16
74%
Sunderland 16
72%
Birmingham City 7
69%
Ipswich Town 6
66%
Luton Town 1
66%
Bournemouth 8
64%
Swansea City 7
64%
Cardiff City 2
63%
Norwich City 10
63%
Sheffield United 6
63%
Burnley 9
62%
Blackburn Rovers 18
61%
Brentford 4
61%
Queens Park Rangers 7
60%
Hull City 5
59%
Sheffield Wednesday 8
59%
Derby County 7
56%
Portsmouth 7
56%
Stoke City 10
54%
West Bromwich Albion 13
54%
Watford 8
51%
Middlesbrough 15
50%
Huddersfield Town 2
48%
Bolton Wanderers 13
44%
Blackpool 1
38%
Reading 3
38%
Wigan Athletic 8
38%
Coventry City 9
37%
Wimbledon 8
32%
Barnsley 1
29%
Charlton Athletic 8
29%
Bradford City 2
19%
Oldham Athletic 2
18%
Swindon Town 1
16%
Keine übereinstimmenden Quizze gefunden
Verteilung der Resultate
Anzahl Personen mit jedem Resultat
Perzentil nach korrekt beantworteten Fragen
Ihre Resultats-Entwicklung
Sie haben dieses Quiz noch nicht gespielt